000 00466nam a2200193Ia 4500
003 OSt
005 20221005120645.0
006 a|||||r|||| 00| 0
007 ta
008 221004b |||||||| |||| 00| 0 eng d
024 _a111466
037 _cTextual
040 _aCRL
_cCRL
_beng
041 _2eng
_aeng
245 0 _aepublque Du Senegal
_b Deuxieme plan Quadriennal De development
260 _c1965
942 _cTEXL
_2cc
999 _c1038718
_d1038718